[Event "Rome Lazio op 2nd"]
[Site "Rome"]
[Date "2014.01.04"]
[Round "4"]
[White "Molinari, Carlo"]
[Black "Barletta, Antonio"]
[Result "0-1"]
[WhiteElo "1913"]
[BlackElo "1979"]
[PlyCount "100"]
[EventDate "2014.01.02"]
[EventType "swiss"]
[EventRounds "7"]
[EventCountry "ITA"]
[SourceTitle "EXT 2015"]
[Source "ChessBase"]
[SourceDate "2014.11.20"]
[SourceVersion "1"]
[SourceVersionDate "2014.11.20"]
[SourceQuality "1"]

1. d4 b6 2. Bf4 Bb7 3. Nd2 d6 4. Ngf3 Nf6 5. e3 g6 6. Bd3 Bg7 7. e4 0-0 8. Qe2 Nfd7 9. h4 Nc6 10. c3 e5 11. dxe5 Ndxe5 12. Bc2 Qc8 13. Nxe5 Nxe5 14. 0-0-0 a5 15. h5 a4 16. a3 Re8 17. hxg6 fxg6 18. Bh6 Ba6 19. Qe1 Bh8 20. Nf1 b5 21. Ne3 Bb7 22. f3 Bf6 23. Bb1 Qe6 24. Qe2 c6 25. f4 Nf7 26. g4 b4 27. f5 Qb3 28. Qc4 Qxc4 29. Nxc4 bxc3 30. bxc3 Nxh6 31. Nxd6 Re7 32. Ba2+ Kg7 33. Rdg1 Bg5+ 34. Kc2 Rd8 35. Nxb7 Rxb7 36. Rh2 Rbd7 37. e5 Rd2+ 38. Rxd2 Rxd2+ 39. Kb1 Nf7 40. f6+ Kf8 41. e6 Nd6 42. Rf1 Bxf6 43. g5 Ne4 44. gxf6 Nxc3+ 45. Kc1 Rxa2 46. e7+ Kf7 47. e8Q+ Kxe8 48. f7+ Kf8 49. Rf2 Rxa3 50. Rb2 Ra1+ 0-1

[Event "Rome Accademia Primavera op"]
[Site "Rome"]
[Date "2011.04.02"]
[Round "4"]
[White "Barletta, Antonio"]
[Black "Romano, Marco Motraz"]
[Result "1-0"]
[WhiteElo "2015"]
[BlackElo "1852"]
[PlyCount "51"]
[EventDate "2011.04.01"]
[EventType "swiss"]
[EventRounds "5"]
[EventCountry "ITA"]
[SourceTitle "EXT 2023"]
[Source "ChessBase"]
[SourceDate "2022.10.05"]
[SourceVersion "1"]
[SourceVersionDate "2022.10.05"]
[SourceQuality "1"]

1. e4 e5 2. f4 d5 3. exd5 e4 4. d3 exd3 5. Qxd3 Nf6 6. Nc3 Be7 7. Be2 0-0 8. Bf3 Re8 9. Nge2 Nbd7 10. Be3 Nb6 11. 0-0-0 g6 12. Ng3 Ng4 13. Bxg4 Bxg4 14. Rd2 Bf6 15. Bd4 Bxd4 16. Qxd4 c5 17. Qd3 a6 18. h3 Bd7 19. Nge4 Bf5 20. g4 Bxe4 21. Nxe4 Rc8 22. c4 Qe7 23. Re2 f5 24. gxf5 gxf5 25. Rg1+ Kh8 26. Qc3+ 1-0

[Event "Rome Accademia Primavera op"]
[Site "Rome"]
[Date "2011.04.01"]
[Round "2"]
[White "De Carolis, Massimo"]
[Black "Barletta, Antonio"]
[Result "0-1"]
[WhiteElo "1972"]
[BlackElo "2015"]
[PlyCount "54"]
[EventDate "2011.04.01"]
[EventType "swiss"]
[EventRounds "5"]
[EventCountry "ITA"]
[SourceTitle "EXT 2023"]
[Source "ChessBase"]
[SourceDate "2022.10.05"]
[SourceVersion "1"]
[SourceVersionDate "2022.10.05"]
[SourceQuality "1"]

1. d4 Nc6 2. Nf3 d5 3. e3 Bg4 4. Be2 e6 5. 0-0 Bd6 6. Nbd2 Nf6 7. b3 0-0 8. Bb2 Ne4 9. c4 f5 10. Ne5 Bxe2 11. Qxe2 Nxe5 12. dxe5 Bb4 13. Nf3 c6 14. Nd4 Qe7 15. f4 Rad8 16. Rfd1 dxc4 17. Qxc4 Rd5 18. Rd3 Rfd8 19. Rad1 Bc5 20. Qc1 Bxd4 21. Rxd4 Rxd4 22. exd4 Qh4 23. g3 Qg4 24. Rf1 Qe2 25. Re1 Qf2+ 26. Kh1 Qf3+ 27. Kg1 Nf2 0-1

[Event "ITA-ch qual"]
[Site "Arvier"]
[Date "2009.09.30"]
[Round "5"]
[White "Barletta, Antonio"]
[Black "Rossi, Giampiero"]
[Result "1/2-1/2"]
[WhiteElo "2039"]
[BlackElo "1910"]
[PlyCount "148"]
[EventDate "2009.09.26"]
[EventType "swiss"]
[EventRounds "9"]
[EventCountry "ITA"]
[SourceTitle "CBM 132 Extra"]
[Source "ChessBase"]
[SourceDate "2009.11.03"]
[SourceVersion "1"]
[SourceVersionDate "2009.11.03"]
[SourceQuality "1"]

1. e4 c5 2. d4 cxd4 3. c3 dxc3 4. Nxc3 Nc6 5. Nf3 g6 6. Bc4 Bg7 7. 0-0 Nf6 8. e5 Ng4 9. Bxf7+ Kxf7 10. Ng5+ Kg8 11. Qxg4 Nxe5 12. Qe2 h6 13. Nf3 Nxf3+ 14. Qxf3 e6 15. Bf4 d5 16. Rfe1 Bd7 17. Be5 Qf8 18. Qg3 Qf7 19. Rad1 Bxe5 20. Rxe5 Kh7 21. Qe3 Rhe8 22. Ne2 b6 23. Nd4 Rac8 24. h3 Qf6 25. Re1 Rc4 26. b3 Rcc8 27. Nxe6 Bxe6 28. Rxe6 Rxe6 29. Qxe6 Qxe6 30. Rxe6 Rc1+ 31. Kh2 Rc2 32. Re7+ Kg8 33. Rxa7 Rxf2 34. Rd7 Rxa2 35. Rxd5 Rb2 36. Rb5 Kg7 37. Rxb6 g5 38. Kg3 h5 39. Kf3 Kf7 40. b4 Rb3+ 41. Kf2 Rb2+ 42. Kg3 Rb3+ 43. Kh2 h4 44. b5 Ke7 45. Rb7+ Kd6 46. b6 Kc6 47. Rg7 Rxb6 48. Rxg5 Kd7 49. Rg4 Rh6 50. Kg1 Ke6 51. Kf2 Kf5 52. Kf3 Rh8 53. Ra4 Kg5 54. Ra5+ Kh6 55. Ra4 Kg5 56. Ke4 Re8+ 57. Kf3 Rf8+ 58. Ke3 Kh5 59. Rf4 Rh8 60. Rf5+ Kg6 61. Kf4 Rb8 62. Kg4 Rb4+ 63. Rf4 Rb2 64. Kxh4 Rxg2 65. Rg4+ Rxg4+ 66. hxg4 Kh6 67. g5+ Kg6 68. Kg4 Kg7 69. Kf5 Kf7 70. g6+ Kg7 71. Kg5 Kg8 72. Kf4 Kg7 73. Kf5 Kg8 74. Ke6 Kg7 1/2-1/2

[Event "ITA-ch qual"]
[Site "Arvier"]
[Date "2009.09.27"]
[Round "3"]
[White "Barletta, Antonio"]
[Black "Rorato, Renzo"]
[Result "1/2-1/2"]
[WhiteElo "2039"]
[BlackElo "2067"]
[PlyCount "49"]
[EventDate "2009.09.26"]
[EventType "swiss"]
[EventRounds "9"]
[EventCountry "ITA"]
[SourceTitle "CBM 132 Extra"]
[Source "ChessBase"]
[SourceDate "2009.11.03"]
[SourceVersion "1"]
[SourceVersionDate "2009.11.03"]
[SourceQuality "1"]

1. e4 c5 2. Nc3 d6 3. f4 e6 4. Nf3 Nf6 5. Bc4 a6 6. a4 Be7 7. d3 0-0 8. 0-0 d5 9. Bb3 Nc6 10. e5 Nd7 11. Ne2 f6 12. exf6 Bxf6 13. c3 Nb6 14. a5 Nd7 15. f5 Nde5 16. Nf4 c4 17. dxc4 dxc4 18. Bc2 Qxd1 19. Bxd1 exf5 20. Be2 Re8 21. Nxe5 Nxe5 22. Nd5 Bd8 23. Ne3 g6 24. Nxc4 Nxc4 25. Bxc4+ 1/2-1/2

[Event "ITA-ch qual"]
[Site "Saint Vincent"]
[Date "2008.07.26"]
[Round "8"]
[White "Barletta, Antonio"]
[Black "Innocenti, Luca"]
[Result "1/2-1/2"]
[WhiteElo "2032"]
[BlackElo "2071"]
[PlyCount "29"]
[EventDate "2008.07.19"]
[EventType "swiss"]
[EventRounds "9"]
[EventCountry "ITA"]
[SourceTitle "EXT 2009"]
[Source "ChessBase"]
[SourceDate "2008.11.26"]
[SourceVersion "1"]
[SourceVersionDate "2008.11.26"]
[SourceQuality "1"]

1. e4 e6 2. Nf3 b6 3. d3 Bb7 4. Nbd2 g6 5. g3 Bg7 6. Bg2 Ne7 7. 0-0 d6 8. c3 0-0 9. Re1 Nd7 10. d4 e5 11. Nc4 h6 12. Nh4 exd4 13. cxd4 d5 14. exd5 Bxd5 15. Ne5 1/2-1/2

[Event "ITA-ch qual"]
[Site "Saint Vincent"]
[Date "2008.07.22"]
[Round "4"]
[White "Barletta, Antonio"]
[Black "Marguerettaz, Davy"]
[Result "1/2-1/2"]
[WhiteElo "2032"]
[BlackElo "1987"]
[PlyCount "65"]
[EventDate "2008.07.19"]
[EventType "swiss"]
[EventRounds "9"]
[EventCountry "ITA"]
[SourceTitle "EXT 2009"]
[Source "ChessBase"]
[SourceDate "2008.11.26"]
[SourceVersion "1"]
[SourceVersionDate "2008.11.26"]
[SourceQuality "1"]

1. e4 c5 2. b4 cxb4 3. d4 d5 4. e5 Bf5 5. Nf3 Nc6 6. Bd3 Bxd3 7. Qxd3 e6 8. 0-0 Nge7 9. a3 Nf5 10. axb4 Bxb4 11. Qb3 Qd7 12. c3 Be7 13. Be3 0-0 14. Nbd2 Rfc8 15. Rfb1 b6 16. Qa4 Qc7 17. Rc1 Na5 18. Kf1 Nc4 19. Nxc4 Qxc4+ 20. Qxc4 Rxc4 21. Bd2 a5 22. Rcb1 Bd8 23. Ke2 Ne7 24. Ne1 Nc8 25. Nc2 Be7 26. Ne3 Rc6 27. f4 a4 28. Kd3 Kf8 29. Bc1 Ke8 30. Ba3 Kd7 31. Bxe7 Nxe7 32. Rb4 a3 33. Rb3 1/2-1/2

[Event "Civitanova Marche op 1st"]
[Site "Civitanova Marche"]
[Date "2006.08.02"]
[Round "5"]
[White "Barletta, Antonio"]
[Black "Stromboli, Carlo"]
[Result "0-1"]
[WhiteElo "2097"]
[BlackElo "2196"]
[PlyCount "77"]
[EventDate "2006.07.29"]
[EventType "swiss"]
[EventRounds "9"]
[EventCountry "ITA"]
[SourceTitle "EXT 2023"]
[Source "ChessBase"]
[SourceDate "2022.10.05"]
[SourceVersion "1"]
[SourceVersionDate "2022.10.05"]
[SourceQuality "1"]

1. e4 e5 2. Nf3 Nc6 3. Bb5 a6 4. Ba4 Nf6 5. d3 b5 6. Bb3 Bc5 7. Nc3 h6 8. a4 b4 9. Nd5 d6 10. a5 0-0 11. c3 Rb8 12. h3 Rb5 13. Ba4 Rxa5 14. Bd2 Nxd5 15. exd5 bxc3 16. bxc3 Ne7 17. c4 Rxa4 18. Rxa4 f5 19. 0-0 e4 20. Ne1 Ng6 21. Qe2 Qh4 22. Be3 Nf4 23. Bxf4 Qxf4 24. Ra2 Qg5 25. Kh2 Qg6 26. f3 f4 27. fxe4 Qg3+ 28. Kh1 Bxh3 29. Qf3 Bg4 30. Qxg3 fxg3 31. Rxf8+ Kxf8 32. Rxa6 g5 33. Nf3 Be3 34. Rc6 h5 35. Rxc7 h4 36. Rh7 Kg8 37. Rh6 Kg7 38. Rxd6 Bxf3 39. Rd7+ 0-1

[Event "Rome Petra op 03rd"]
[Site "Rome"]
[Date "2005.03.15"]
[Round "2"]
[White "Trebeschi, Andrea"]
[Black "Barletta, Antonio"]
[Result "1-0"]
[WhiteElo "2102"]
[BlackElo "2081"]
[PlyCount "81"]
[EventDate "2005.03.14"]
[EventType "swiss"]
[EventRounds "7"]
[EventCountry "ITA"]
[SourceTitle "CBM 105 Extra"]
[Source "ChessBase"]
[SourceDate "2005.05.01"]
[SourceVersion "1"]
[SourceVersionDate "2005.05.01"]
[SourceQuality "1"]

1. e4 e5 2. Nf3 Nc6 3. Bb5 a6 4. Ba4 Nf6 5. d3 d6 6. c3 Be7 7. h3 0-0 8. 0-0 b5 9. Bb3 Na5 10. Bc2 c5 11. Nbd2 Bd7 12. Re1 h6 13. Nf1 Re8 14. Ng3 Bf8 15. Nh2 g6 16. Be3 Bg7 17. Qe2 Qc7 18. Ng4 Nxg4 19. hxg4 Nc6 20. f3 Be6 21. Kf2 h5 22. gxh5 f5 23. exf5 gxf5 24. Bg5 Qf7 25. Rh1 Kh7 26. Qd2 d5 27. h6 Bh8 28. Nh5 e4 29. Ng7 Rf8 30. Qf4 Qd7 31. Rad1 Rac8 32. dxe4 fxe4 33. Bxe4+ dxe4 34. Rxd7 Rxf4 35. Nxe6+ Kg6 36. Bxf4 Kf5 37. Rd6 exf3 38. g3 Bf6 39. Nxc5 Ne5 40. Rh5+ Kg6 41. Rxe5 1-0

[Event "CFriend AP-2004-Q-00023 email"]
[Site "Chessfriend.com"]
[Date "2004.12.22"]
[Round "1"]
[White "Ben Jazia, Bessem"]
[Black "Barletta, Antonio"]
[Result "1-0"]
[WhiteElo "1930"]
[BlackElo "2040"]
[PlyCount "81"]
[EventDate "2004.??.??"]
[EventType "tourn (corr)"]
[EventRounds "12"]
[SourceTitle "Corr 2024"]
[Source "ChessBase"]
[SourceDate "2023.10.19"]
[SourceVersion "1"]
[SourceVersionDate "2023.10.19"]
[SourceQuality "1"]

1. e4 c5 2. Nf3 e6 3. Nc3 a6 4. d4 cxd4 5. Nxd4 Qc7 6. Bd3 Nf6 7. 0-0 Nc6 8. Be3 Be7 9. Qe2 0-0 10. f4 d6 11. Nxc6 bxc6 12. Rad1 e5 13. fxe5 Ng4 14. Qe1 Be6 15. exd6 Bxd6 16. g3 Nxe3 17. Qxe3 Qa5 18. Kg2 Be5 19. a3 Bxc3 20. bxc3 Qxa3 21. e5 a5 22. c4 g6 23. Ra1 Qe7 24. Qb6 Qg5 25. Qc5 Ra6 26. Rf4 a4 27. Qd6 Rd8 28. h4 Rxd6 29. hxg5 Rd8 30. c5 Ra5 31. Rfxa4 Rxc5 32. Re1 Bb3 33. cxb3 Rxd3 34. Ra8+ Kg7 35. Ra7 Rcc3 36. e6 Rxg3+ 37. Kh2 Rh3+ 38. Kg2 Rcg3+ 39. Kf2 Rf3+ 40. Kg2 Rhg3+ 41. Kh2 1-0

[Event "CFriend AP-2004-Q-00023 email"]
[Site "Chessfriend.com"]
[Date "2004.12.22"]
[Round "1"]
[White "Cuttica, Gerardo Axel"]
[Black "Barletta, Antonio"]
[Result "0-1"]
[WhiteElo "1605"]
[BlackElo "2040"]
[PlyCount "48"]
[EventDate "2004.??.??"]
[EventType "tourn (corr)"]
[EventRounds "12"]
[SourceTitle "Corr 2024"]
[Source "ChessBase"]
[SourceDate "2023.10.19"]
[SourceVersion "1"]
[SourceVersionDate "2023.10.19"]
[SourceQuality "1"]

1. e4 c5 2. Nc3 Nc6 3. f4 g6 4. Nf3 Bg7 5. Bc4 e6 6. d3 Nge7 7. 0-0 0-0 8. Bb3 d5 9. Qe1 Na5 10. e5 a6 11. Bd2 Nec6 12. Qf2 c4 13. dxc4 dxc4 14. Be3 b5 15. Rfd1 Qc7 16. Ne4 cxb3 17. Nf6+ Bxf6 18. exf6 Nc4 19. Bc5 Qxf4 20. cxb3 N4a5 21. Bxf8 Kxf8 22. Qc5+ Ke8 23. Ng5 Qf5 24. Qe3 Qxf6 0-1

[Event "CFriend AT-2004-0-00160 email"]
[Site "Chessfriend.com"]
[Date "2004.10.14"]
[Round "1"]
[White "Barletta, Antonio"]
[Black "Scacco, Mauro"]
[Result "1-0"]
[WhiteElo "2040"]
[BlackElo "1849"]
[PlyCount "87"]
[EventDate "2004.??.??"]
[EventType "tourn (corr)"]
[EventRounds "2"]
[SourceTitle "Corr 2024"]
[Source "ChessBase"]
[SourceDate "2023.10.19"]
[SourceVersion "1"]
[SourceVersionDate "2023.10.19"]
[SourceQuality "1"]

1. e4 c5 2. Nf3 Nc6 3. d4 cxd4 4. Nxd4 Nf6 5. Nc3 e5 6. Ndb5 d6 7. Bg5 a6 8. Na3 b5 9. Bxf6 gxf6 10. Nd5 f5 11. exf5 Bxf5 12. c3 Bg7 13. Nc2 0-0 14. Nce3 Be6 15. Bd3 f5 16. Qh5 Qd7 17. Bc2 Qf7 18. Qxf7+ Rxf7 19. f4 Rb8 20. 0-0 e4 21. Bb3 Na5 22. Rfd1 Nc4 23. Bxc4 bxc4 24. Nxc4 Bxd5 25. Rxd5 Rc7 26. b3 Bxc3 27. Rc1 Bb4 28. Rcd1 Rxc4 29. bxc4 e3 30. Kf1 Bc5 31. Rxf5 Rb2 32. Re1 Rxa2 33. Rxc5 Rf2+ 34. Kg1 dxc5 35. g3 Rf3 36. Ra1 h5 37. Rxa6 h4 38. Kg2 Rf2+ 39. Kh3 hxg3 40. hxg3 Kf7 41. Ra3 e2 42. Re3 Kg7 43. Kg4 Kf6 44. Re5 1-0

[Event "Bratto op 24th"]
[Site "Bratto"]
[Date "2004.08.28"]
[Round "9"]
[White "Campini, Marco"]
[Black "Barletta, Antonio"]
[Result "0-1"]
[WhiteElo "2173"]
[BlackElo "2066"]
[PlyCount "100"]
[EventDate "2004.08.20"]
[EventType "swiss"]
[EventRounds "9"]
[EventCountry "ITA"]
[SourceTitle "CBM 101 Extra"]
[Source "ChessBase"]
[SourceDate "2004.09.01"]
[SourceVersion "2"]
[SourceVersionDate "2004.09.01"]
[SourceQuality "1"]

1. e4 c5 2. Nf3 e6 3. d4 cxd4 4. Nxd4 Nf6 5. Bd3 d6 6. 0-0 Be7 7. Be3 Nc6 8. Nxc6 bxc6 9. c3 e5 10. h3 0-0 11. Qe2 d5 12. Nd2 Qc7 13. Bg5 Be6 14. Rfe1 Rab8 15. b3 Rfe8 16. Rac1 a5 17. Bb1 g6 18. g4 Nd7 19. Bxe7 Rxe7 20. Qe3 Kg7 21. Nf1 f6 22. Qg3 Nc5 23. Kh2 a4 24. b4 Nxe4 25. Bxe4 dxe4 26. a3 Rd8 27. Rxe4 Red7 28. c4 Rd3 29. Re3 Qd6 30. g5 fxg5 31. Rxd3 Qxd3 32. Qxe5+ Kf7 33. Qe3 Qxe3 34. Nxe3 Rd3 35. Ra1 Rc3 36. c5 h5 37. Kg3 Kf6 38. h4 Rd3 39. hxg5+ Kxg5 40. f4+ Kf6 41. Kf3 h4 42. Ke4 Rc3 43. Kd4 Rb3 44. Ke4 h3 45. Kd4 g5 46. f5 Bxf5 47. Rf1 Rd3+ 48. Kc4 Rxe3 49. b5 cxb5+ 50. Kxb5 Rxa3 0-1

[Event "Bratto op 24th"]
[Site "Bratto"]
[Date "2004.08.26"]
[Round "7"]
[White "Pechy, Alaster"]
[Black "Barletta, Antonio"]
[Result "1-0"]
[WhiteElo "2138"]
[BlackElo "2066"]
[PlyCount "131"]
[EventDate "2004.08.20"]
[EventType "swiss"]
[EventRounds "9"]
[EventCountry "ITA"]
[SourceTitle "CBM 101 Extra"]
[Source "ChessBase"]
[SourceDate "2004.09.01"]
[SourceVersion "2"]
[SourceVersionDate "2004.09.01"]
[SourceQuality "1"]

1. d4 Nf6 2. c4 g6 3. Nc3 Bg7 4. e4 d6 5. f3 0-0 6. Nge2 Nc6 7. Be3 a6 8. Qd2 Re8 9. Nc1 e5 10. d5 Nd4 11. N1e2 c5 12. dxc6 bxc6 13. Nxd4 exd4 14. Bxd4 d5 15. cxd5 cxd5 16. e5 Nh5 17. 0-0-0 Bxe5 18. Bxe5 Rxe5 19. Bc4 Qc7 20. Bxd5 Rb8 21. Bb3 Be6 22. Qd6 Qxd6 23. Rxd6 Bxb3 24. axb3 Rxb3 25. Kc2 Rb7 26. g3 a5 27. f4 Re3 28. Ra1 Rf3 29. Re1 Rf2+ 30. Re2 Rxe2+ 31. Nxe2 Kg7 32. Nc3 Ra7 33. Nd5 f5 34. Kb3 Kf7 35. Rc6 Rb7+ 36. Ka3 Rd7 37. Rc7 Ke6 38. Rxd7 Kxd7 39. Ka4 Kc6 40. Ne3 Kb6 41. Nc4+ Ka6 42. Nxa5 h6 43. Nc6 g5 44. fxg5 hxg5 45. Nd4 f4 46. gxf4 Nxf4 47. Nf3 Nd3 48. Nxg5 Nxb2+ 49. Kb3 Nd3 50. Kc4 Nf4 51. Kd4 Kb6 52. Ke5 Ng2 53. Ne6 Kc6 54. Nd4+ Kd7 55. Kf6 Ke8 56. Nc2 Nh4 57. Ne1 Kf8 58. Kg5 Kg7 59. Kxh4 Kh6 60. Kg4 Kg6 61. Nf3 Kh6 62. Ne5 Kg7 63. Kg5 Kh8 64. Kg6 Kg8 65. Nf7 Kf8 66. h4 1-0

[Event "Bratto op 24th"]
[Site "Bratto"]
[Date "2004.08.22"]
[Round "3"]
[White "Ceccarini, Marco"]
[Black "Barletta, Antonio"]
[Result "1/2-1/2"]
[WhiteElo "2091"]
[BlackElo "2066"]
[PlyCount "61"]
[EventDate "2004.08.20"]
[EventType "swiss"]
[EventRounds "9"]
[EventCountry "ITA"]
[SourceTitle "CBM 101 Extra"]
[Source "ChessBase"]
[SourceDate "2004.09.01"]
[SourceVersion "2"]
[SourceVersionDate "2004.09.01"]
[SourceQuality "1"]

1. e4 c5 2. Nf3 e6 3. d4 cxd4 4. Nxd4 a6 5. c4 Nf6 6. Nc3 Qc7 7. Be3 Bb4 8. f3 Bxc3+ 9. bxc3 d6 10. Be2 Nbd7 11. Qa4 0-0 12. 0-0 Ne5 13. Qb4 d5 14. cxd5 exd5 15. Bg5 Ned7 16. Nf5 dxe4 17. fxe4 Qc5+ 18. Qxc5 Nxc5 19. Ne7+ Kh8 20. Bxf6 gxf6 21. Rxf6 Nxe4 22. Rf4 Nxc3 23. Bd3 Be6 24. Rh4 Kg7 25. Rf1 h6 26. Nf5+ Bxf5 27. Bxf5 Rfd8 28. Rg4+ Kf8 29. Rc4 Ne2+ 30. Kh1 Nd4 31. Bg6 1/2-1/2

[Event "Genova Ducale op"]
[Site "Genova"]
[Date "2004.07.11"]
[Round "9"]
[White "Di Paolo, Raffaele"]
[Black "Barletta, Antonio"]
[Result "1-0"]
[WhiteElo "2321"]
[BlackElo "2066"]
[PlyCount "47"]
[EventDate "2004.07.??"]
[EventType "swiss"]
[EventRounds "9"]
[EventCountry "ITA"]
[SourceTitle "EXT 2005"]
[Source "ChessBase"]
[SourceDate "2004.11.15"]
[SourceVersion "1"]
[SourceVersionDate "2004.11.15"]
[SourceQuality "1"]

1. e4 c5 2. Nf3 e6 3. d4 cxd4 4. Nxd4 a6 5. Be2 Qc7 6. 0-0 Nf6 7. Nc3 b5 8. e5 Qxe5 9. Bf3 d5 10. Re1 Qc7 11. Nxd5 Nxd5 12. Bxd5 Ra7 13. Qf3 Bd6 14. Nf5 0-0 15. Nxg7 Kxg7 16. Bh6+ Kg6 17. Qe3 f6 18. Bxf8 Bxf8 19. Bxe6 Bxe6 20. Qxe6 Qd7 21. Qg8+ Qg7 22. Qb3 Nc6 23. Re3 Bd6 24. Qd3+ 1-0

[Event "Genova Ducale op"]
[Site "Genova"]
[Date "2004.07.10"]
[Round "8"]
[White "Barletta, Antonio"]
[Black "Brancaleoni, Maurizio"]
[Result "0-1"]
[WhiteElo "2066"]
[BlackElo "2298"]
[PlyCount "92"]
[EventDate "2004.07.??"]
[EventType "swiss"]
[EventRounds "9"]
[EventCountry "ITA"]
[SourceTitle "EXT 2005"]
[Source "ChessBase"]
[SourceDate "2004.11.15"]
[SourceVersion "1"]
[SourceVersionDate "2004.11.15"]
[SourceQuality "1"]

1. e4 d6 2. d4 Nf6 3. Nc3 Nbd7 4. Nf3 e5 5. Bc4 Be7 6. 0-0 0-0 7. Qe2 exd4 8. Nxd4 Ne5 9. Bb3 c5 10. Nf5 Bxf5 11. exf5 Qd7 12. Nd5 Rfe8 13. Ne3 Nc6 14. c3 d5 15. Qf3 d4 16. Ng4 Nxg4 17. Qxg4 Bf6 18. Bg5 Qe7 19. f4 Qd6 20. Rad1 Re3 21. h4 d3 22. Rf2 b5 23. Bd5 Ne7 24. Bf3 Kh8 25. h5 h6 26. Bxf6 gxf6 27. g3 Rg8 28. Qh3 Qxf4 29. g4 Nc6 30. Bxc6 Qxf2+ 31. Kxf2 Rxh3 32. Kg2 Re3 33. Bf3 c4 34. Kf2 Re5 35. a3 Kg7 36. Kg3 Rge8 37. Kf2 Kf8 38. Ra1 Rb8 39. Rb1 Rb6 40. b3 Ke7 41. b4 a5 42. bxa5 Ra6 43. a4 bxa4 44. Ra1 Raxa5 45. Ra3 Reb5 46. Bd1 Rb3 0-1

[Event "Rome Petra-B 01st"]
[Site "Rome"]
[Date "2004.03.13"]
[Round "6"]
[White "Astengo, Marcello"]
[Black "Barletta, Antonio"]
[Result "1/2-1/2"]
[WhiteElo "2072"]
[BlackElo "2083"]
[PlyCount "97"]
[EventDate "2004.03.08"]
[EventType "tourn"]
[EventRounds "9"]
[EventCountry "ITA"]
[SourceTitle "CBM 099 Extra"]
[Source "ChessBase"]
[SourceDate "2004.05.04"]
[SourceVersion "1"]
[SourceVersionDate "2004.05.04"]
[SourceQuality "1"]

1. d4 Nf6 2. c4 g6 3. Nc3 Bg7 4. e4 d6 5. f3 c6 6. Bg5 h6 7. Bh4 Nbd7 8. Qd2 a6 9. Rd1 Qc7 10. Nge2 0-0 11. Nc1 b5 12. Be2 Nb6 13. b3 e5 14. dxe5 dxe5 15. Qd6 Qxd6 16. Rxd6 g5 17. Bf2 b4 18. Bxb6 bxc3 19. Kf2 a5 20. a4 Bb7 21. Rhd1 Rfe8 22. Nd3 Ra6 23. Be3 Nh7 24. Nc5 Rb6 25. Rd8 Rxd8 26. Rxd8+ Bf8 27. Rb8 Kg7 28. Rxb7 Bxc5 29. Rxb6 c2 30. Bxc5 c1Q 31. Rxc6 Qc2 32. Rb6 Nf6 33. Rb7 g4 34. Be3 gxf3 35. gxf3 Nh5 36. Ke1 Nf4 37. Bxf4 exf4 38. h3 Kf6 39. Rb5 Kg6 40. Kf2 Qd2 41. Kf1 Qc1+ 42. Kf2 Qc3 43. Kf1 Qd2 44. Rd5 Qc3 45. Bd1 h5 46. h4 f6 47. Ke2 Qe3+ 48. Kf1 Qc3 49. Ke2 1/2-1/2

[Event "Rome Petra-B 01st"]
[Site "Rome"]
[Date "2004.03.09"]
[Round "2"]
[White "Barletta, Antonio"]
[Black "Vocaturo, Daniele"]
[Result "1/2-1/2"]
[WhiteElo "2083"]
[BlackElo "2154"]
[PlyCount "121"]
[EventDate "2004.03.08"]
[EventType "tourn"]
[EventRounds "9"]
[EventCountry "ITA"]
[SourceTitle "CBM 099 Extra"]
[Source "ChessBase"]
[SourceDate "2004.05.04"]
[SourceVersion "1"]
[SourceVersionDate "2004.05.04"]
[SourceQuality "1"]

1. e4 c5 2. Nf3 d6 3. d4 cxd4 4. Nxd4 Nf6 5. Nc3 g6 6. Be3 Bg7 7. f3 0-0 8. Bc4 Nc6 9. Qd2 Bd7 10. h4 Ne5 11. Bb3 Qa5 12. 0-0-0 Rfc8 13. h5 Rxc3 14. Qxc3 Qxc3 15. bxc3 Nxh5 16. Ne2 a5 17. a4 Rc8 18. Rd5 b5 19. axb5 a4 20. Rxh5 axb3 21. Rhxe5 Bxe5 22. b6 e6 23. Ra5 d5 24. exd5 Bb8 25. dxe6 Bxe6 26. cxb3 Bxb3 27. Kb2 Bc4 28. Nd4 Re8 29. Bh6 Bd6 30. b7 Rb8 31. Ra8 Bd5 32. Nb5 Bxb7 33. Rxb8+ Bxb8 34. Kb3 f6 35. Be3 g5 36. Bd4 Kf7 37. Kc4 h5 38. Kc5 g4 39. Nd6+ Bxd6+ 40. Kxd6 gxf3 41. gxf3 Bxf3 42. Bf2 Kg6 43. Bh4 Be2 44. Ke7 f5 45. Ke6 f4 46. Ke5 f3 47. Kf4 Kf7 48. c4 Ke6 49. c5 Kd5 50. Bf2 Bd1 51. Kg5 Ke4 52. c6 Ba4 53. c7 Bd7 54. Kxh5 Kf4 55. Kg6 Ke4 56. Kf6 Kd3 57. Ke7 Bh3 58. Kd8 Ke2 59. Bg3 f2 60. Bxf2 Kxf2 61. c8Q 1/2-1/2

[Event "Imperia op-A 45th"]
[Site "Imperia"]
[Date "2003.09.07"]
[Round "9"]
[White "Barletta, Antonio"]
[Black "Luciani, Carlo"]
[Result "0-1"]
[WhiteElo "2053"]
[BlackElo "2233"]
[PlyCount "100"]
[EventDate "2003.08.31"]
[EventType "swiss"]
[EventRounds "9"]
[EventCountry "ITA"]
[SourceTitle "EXT 2005"]
[Source "ChessBase"]
[SourceDate "2004.11.15"]
[SourceVersion "1"]
[SourceVersionDate "2004.11.15"]
[SourceQuality "1"]

1. e4 e5 2. Nf3 Nc6 3. Bb5 a6 4. Ba4 Nf6 5. 0-0 Nxe4 6. d4 b5 7. Bb3 d5 8. dxe5 Be6 9. Nbd2 Nc5 10. c3 Bg4 11. Qe2 Be7 12. Rd1 0-0 13. Bc2 Qe8 14. Nb3 Rd8 15. Nxc5 Bxc5 16. Qd3 g6 17. Bh6 Nxe5 18. Nxe5 Bxd1 19. Rxd1 Qxe5 20. Bxf8 Kxf8 21. Qf3 Re8 22. Bd3 Re6 23. Rf1 c6 24. a4 h5 25. axb5 axb5 26. g3 h4 27. Kg2 b4 28. cxb4 Bxb4 29. Qf4 Qxf4 30. gxf4 Rf6 31. f5 gxf5 32. Kh3 Be7 33. Kxh4 c5 34. Kg5 Rb6+ 35. Kxf5 c4 36. Bb1 Rxb2 37. Ke5 Rd2 38. Rc1 Bd8 39. f4 Bc7+ 40. Kf5 Rf2 41. Rd1 Rxf4+ 42. Kg5 d4 43. Rc1 c3 44. h4 Rf2 45. Kg4 Ba5 46. Kg3 Rd2 47. Kf3 d3 48. Ke3 c2 49. Bxc2 Rxc2 50. Ra1 d2 0-1

[Event "Imperia op-A 45th"]
[Site "Imperia"]
[Date "2003.09.04"]
[Round "6"]
[White "Gallitto, Salvatore"]
[Black "Barletta, Antonio"]
[Result "0-1"]
[WhiteElo "2010"]
[BlackElo "2053"]
[PlyCount "31"]
[EventDate "2003.08.31"]
[EventType "swiss"]
[EventRounds "9"]
[EventCountry "ITA"]
[SourceTitle "EXT 2005"]
[Source "ChessBase"]
[SourceDate "2004.11.15"]
[SourceVersion "1"]
[SourceVersionDate "2004.11.15"]
[SourceQuality "1"]

1. d4 Nf6 2. Nf3 c5 3. e3 g6 4. b3 Bg7 5. Bb2 b6 6. c4 0-0 7. Nc3 cxd4 8. exd4 d5 9. Rc1 Bb7 10. Ne5 dxc4 11. bxc4 Nc6 12. Nxc6 Bxc6 13. d5 Bb7 14. Be2 e6 15. 0-0 exd5 16. Bf3 0-1